Statistics for Geography True or False #6

Click here to take the quiz!

General Stats

  • This quiz has been taken 42,507 times
  • The average score is 12 of 15

Answer Stats

QuestionAnswer% Correct
Brooklyn is part of New York CityTrue
92%
China borders North KoreaTrue
91%
There is a U.S. state that has the same name as a countryTrue
91%
The official language of Egypt is EgyptianFalse
90%
Portugal lies on the Iberian PeninsulaTrue
87%
Most of Antarctica is covered by an ice sheetTrue
86%
Uganda is on the Indian OceanFalse
85%
China exports a higher value of goods than any other countryTrue
85%
Of the six inhabited continents, Africa has the lowest per-capita GDPTrue
84%
Germany is the only country whose name ends in YFalse
83%
No African country has ever hosted the men's FIFA World CupFalse
80%
The Rhine and the Rhone are two names for the same riverFalse
76%
There is a country in United Nations whose name starts with "West"False
73%
Greenland is smaller than Madagascar. It only appears to be larger due to the Mercator Projection.False
71%
There is a city named Karen with a metro population of over 1,000,000False
51%

Score Distribution

Percentile by Number Answered

Percent of People with Each Score

Your Score History

You have not taken this quiz